Clic Les Présidents de la République par ordre de naissance - Statistiques

Statistiques générales
  • Ce quiz a été pris 32 fois
  • Le résultat moyen est 5 sur 25
Statistiques - réponses
Hint Extra Hint Explanation Réponse % Correct
Emmanuel Macron 39 ans 1977 25
73%
François Mitterrand 64 ans 1916 20
41%
Jacques Chirac 62 ans 1932 22
41%
François Hollande 57 ans 1954 23
41%
Nicolas Sarkozy 52 ans 1955 24
41%
Adolphe Thiers 74 ans 1797 1
36%
Georges Pompidou 67 ans 1911 19
36%
Charles de Gaulle 68 ans 1890 18
32%
Jules Grévy 71 ans 1807 2
23%
René Coty 71 ans 1882 16
18%
Vincent Auriol 62 ans 1884 17
18%
Valéry Giscard d'Estaing 48 ans 1926 21
18%
Louis-Napoléon Bonaparte 40 ans 1808 3
18%
Sadi Carnot 50 ans 1837 5
18%
Gaston Doumergue 60 ans 1863 14
14%
Albert Lebrun 60 ans 1871 15
14%
Armand Fallières 64 ans 1841 8
14%
Patrice de Mac Mahon 64 ans 1808 4
9%
Félix Faure 53 ans 1841 7
9%
Jean Casimir-Perier 46 ans 1847 9
9%
Paul Deschanel 65 ans 1855 10
5%
Paul Doumer 74 ans 1857 11
5%
Raymond Poincaré 52 ans 1860 13
5%
Emile Loubet 60 ans 1838 6
5%
Alexandre Millerand 61 ans 1859 12
0%
Aucun quiz correspondant
Distribution des résultats
% des personnes avec chaque résultat
Percentile par nombre de réponses
Votre historique - résultats
Vous n’avez pas pris ce quiz